Seguimiento de la comunidad de aves y evaluación de la eficacia biológica de las herramientas para el amnejo del paisaje implementadas en la Cuenca Media del río Chambery - Caldas (Registro nro. 7831)

Detalles MARC
000 -CABECERA
Campo de control 00916nam a22002057a 4500
005 - FECHA Y HORA DE LA ULTIMA TRANSACCION
Campo de control 20131115165815.0
008 - ELEMENTOS DE LONGITUD FIJA—INFORMACION GENERAL
Campo de control 131115b2007 ck ||||| |||| 00| 0 spa d
041 ## - IDIOMA
Código de idioma para texto/pista de sonido o título separado Español
044 ## - PAÍS DE PUBLICACIÓN
País de publicación Colombia
090 ## - CLASIFICACIÓN LOCAL
Colección IAVH
Consecutivo 01521
100 ## - ASIENTO PRINCIPAL--NOMBRE PERSONAL
Nombre personal Ruiz Guerra-Carlos Jose
245 ## - MENCION DE TITULO
Título Seguimiento de la comunidad de aves y evaluación de la eficacia biológica de las herramientas para el amnejo del paisaje implementadas en la Cuenca Media del río Chambery - Caldas
260 ## - PUBLICACION, DISTRIBUCION, ETC. (PIE DE IMPRENTA)
Lugar de publicación, distribución, etc. Cali
Nombre del editor, distribuidor, etc. Instituto de Investigación de Recursos Biológicos Alexander von Humboldt
Fecha de publicación, distribución, etc. 2007
300 ## - DESCRIPCION FISICA
Extensión 38 p.
Otros detalles físicos il.
Dimensiones 27 cm
500 ## - NOTA GENERAL
Nota general Informe tecnico
520 ## - NOTA DE RESUMEN, ETC.
Nota de resumen Presenta los resultados finales y actividades realizadas en la cuenca del rio chambery (Caldas), con el registro de 191 especies.
650 ## - ASIENTO SECUNDARIO DE MATERIA - TERMINO TEMATICO
Término temático o nombre geográfico como elemento de entrada Biodiversidad
Subdivisión geográfica Cuenca media río Chambery (Caldas)
700 ## - ASIENTO SECUNDARIO - NOMBRE PERSONAL
Nombre personal Cifuentes Sarmiento- Yanira
942 ## - ELEMENTOS ADICIONALES (KOHA)
Sistema de clasificación Local
Tipo de ítem Impreso

No hay ítems disponibles.